000 00415nam a2200181Ia 4500
008 170918s9999 xx 000 0 und d
020 _a440220602
050 _bG869ch 1994
100 _aGrisham, John
245 4 _aThe chamber /
245 _cby John Grisham.
260 _aCanada :
260 _bIsland Books,
260 _c1994
300 _a676 pages :
300 _billustrations ;
300 _c17cm.
999 _c343423
_d343423